banner

Teoría del movimiento: (Registro nro. 503)

000 -LEADER
fixed length control field 01276nam a22002777a 4500
003 - CONTROL NUMBER IDENTIFIER
control field AR-BaISA
005 - DATE AND TIME OF LATEST TRANSACTION
control field 20190325121413.0
007 - PHYSICAL DESCRIPTION FIXED FIELD--GENERAL INFORMATION
fixed length control field ta
008 - FIXED-LENGTH DATA ELEMENTS--GENERAL INFORMATION
fixed length control field 180807s2004 ag ad||| |||| 00| 0 spa d
020 ## - INTERNATIONAL STANDARD BOOK NUMBER
International Standard Book Number 9789505312032
020 ## - INTERNATIONAL STANDARD BOOK NUMBER
International Standard Book Number 9505312032
040 ## - CATALOGING SOURCE
Transcribing agency AR-BaISA
082 04 - DEWEY DECIMAL CLASSIFICATION NUMBER
Edition number 22
Classification number 613.71 M478
100 10 - MAIN ENTRY--PERSONAL NAME
9 (RLIN) 1243
Personal name Meinel, Kurt
Relator term aut.
245 10 - TITLE STATEMENT
Title Teoría del movimiento:
Remainder of title motricidad deportiva /
Statement of responsibility, etc. Kurt Meinel y Günter Schnabel
250 ## - EDITION STATEMENT
Edition statement 2ª ed.
260 ## - PUBLICATION, DISTRIBUTION, ETC.
Place of publication, distribution, etc. Buenos Aires:
Name of publisher, distributor, etc. Stadium,
Date of publication, distribution, etc. 2004
300 ## - PHYSICAL DESCRIPTION
Extent 480 p.:
Other physical details il., graf.
504 ## - BIBLIOGRAPHY, ETC. NOTE
Bibliography, etc. note Bibliografía al final de cada capítulo
505 ## - FORMATTED CONTENTS NOTE
Title La importancia de la motricidad para el desarrollo y la formación del ser humano --
-- La coordinación de movimientos como regulación de la actividad motora --
-- Características generales del movimiento como expresión de la coordinación motora --
-- El aprendizaje motor en el deporte --
-- Las cualidades coordinativas y la destreza motora --
-- El desarrollo motor del ser humano desde el nacimiento hasta la vejez (síntesis) --
-- El test deportivo- motor como método de control e investigación
650 14 - SUBJECT ADDED ENTRY--TOPICAL TERM
9 (RLIN) 881
Topical term or geographic name entry element Movimiento
650 14 - SUBJECT ADDED ENTRY--TOPICAL TERM
9 (RLIN) 80
Topical term or geographic name entry element Deportes
650 14 - SUBJECT ADDED ENTRY--TOPICAL TERM
9 (RLIN) 529
Topical term or geographic name entry element Actividad física
700 1# - ADDED ENTRY--PERSONAL NAME
9 (RLIN) 1244
Personal name Schnabel, Günter
Relator term aut.
942 ## - ADDED ENTRY ELEMENTS (KOHA)
Source of classification or shelving scheme
Koha item type Libros
Existencias
Withdrawn status Lost status Source of classification or shelving scheme Damaged status Not for loan Permanent Location Current Location Date acquired Inventory number Full call number Barcode Date last seen Price effective from Koha item type Total Checkouts Date last checked out
          Biblioteca ISALUD. Dr. Néstor Rodríguez Campoamor Biblioteca ISALUD. Dr. Néstor Rodríguez Campoamor 2019-03-25 3772 613.71 M478 3772 2019-03-25 2019-03-25 Libros    
          Biblioteca ISALUD. Dr. Néstor Rodríguez Campoamor Biblioteca ISALUD. Dr. Néstor Rodríguez Campoamor 2019-03-25 3773 613.71 M478 3773 2024-07-01 2019-03-25 Libros 1 2024-06-03